000 00385nam a2200169Ia 4500
001 20738
003 IN-NITTTR
005 20251114233237.0
008 251113s9999||||xx |||||||||||||| ||eng||
040 _beng
040 _cIN-NITTTR
041 _aeng
082 _a954 W83I
100 _aWolpert, Stanley
245 0 _aIntroduction to India. /
_cWolpert, Stanley
942 _2ddc
_cBK
999 _c23368
_d23368